000 00583nam a2200193Ii 4500
003 JO-AjNU
008 230605s9999||||xx |||||||||||||| ||und||
040 _aJO-AjNU
_bara
_erda
_cJO-AjNU
041 _aara
050 1 4 _aAC106.M3
100 3 _aالمنفلوطي، مصطفى لطفي,
_eauthor
_948774
245 0 0 _aالنظرات
264 3 1 _aد.م: د.ن، د.ت
300 _a258ص
336 _atext
_btxt
_2rdacontent
337 _aunmediated
_bn
_2rdamedia
338 _avolume
_bnc
_2rdacarrier
650 4 _aالادب العربي- مقالات ومحاضرات
_948775
999 _aA21382
_c24950
_d24950